ENCYCLOPEDIA OF TEACHING AND LEARNING (Record no. 216163)

MARC details
000 -LEADER
fixed length control field 00459nam a22001577a 4500
008 - FIXED-LENGTH DATA ELEMENTS--GENERAL INFORMATION
fixed length control field 251112b |||||||| |||| 00| 0 eng d
020 ## - INTERNATIONAL STANDARD BOOK NUMBER
International Standard Book Number 979-8-88715-048-2
100 ## - MAIN ENTRY--PERSONAL NAME
Personal name LACHEY, CHARLES
245 ## - TITLE STATEMENT
Title ENCYCLOPEDIA OF TEACHING AND LEARNING
260 ## - PUBLICATION, DISTRIBUTION, ETC.
Place of publication, distribution, etc. DUBLIN
Name of publisher, distributor, etc. ORYSON PRESS
Date of publication, distribution, etc. 2023
300 ## - PHYSICAL DESCRIPTION
Extent XI, 320P.
500 ## - GENERAL NOTE
General note INCLUDES INDEX
650 ## - SUBJECT ADDED ENTRY
Topical term or geographic name entry element 1. TEACHINF -METHODOLGY 2. LEARNING - PSYCHOLOGICAL ASPECTS
942 ## - ADDED ENTRY ELEMENTS (KOHA)
Source of classification or shelving scheme Library of Congress Classification
Koha item type Long Loan Book
Holdings
Withdrawn status Lost status Source of classification or shelving scheme Damaged status Not for loan Collection Home library Current library Shelving location Date acquired Inventory number Total checkouts Full call number Barcode Date last seen Copy number Price effective from Koha item type
    Library of Congress Classification     Arts & Social Sciences Kisii University Library Kisii University Library On Display 11/12/2025 109693   LB 1025.3 .L33 2023 000000023599 11/12/2025 C.1 11/12/2025 Long Loan Book
    Library of Congress Classification     Arts & Social Sciences Kisii University Library Kisii University Library On Display 11/12/2025 109694   LB 1025.3 .L33 2023 000000023598 11/12/2025 C.2 11/12/2025 Long Loan Book
    Library of Congress Classification     Arts & Social Sciences Kisii University Library Kisii University Library On Display 11/12/2025 109695   LB 1025.3 .L33 2023 000000018398 11/12/2025 C.3 11/12/2025 Long Loan Book
    Library of Congress Classification     Arts & Social Sciences Kisii University Library Kisii University Library On Display 11/12/2025 109696   LB 1025.3 .L33 2023 000000018397 11/12/2025 C.4 11/12/2025 Long Loan Book